000 02812cam a22003974a 4500
001 17146866
003 BJBSDDR
005 20240418105948.0
006 a|||||r|||| 00| 0
007 ta
008 120202s2018 maua b 001 0 eng
010 _a 2011053181
016 7 _a016048745
_2Uk
020 _a9780262535953 (pbk. : alk. paper)
020 _a0262535955 (pbk. : alk. paper)
035 _a(OCoLC)ocn758392163
040 _aDLC
_beng
_cDLC
_dYDX
_dBTCTA
_dBDX
_dUKMGB
_dDLC
041 _aeng
042 _apcc
050 1 4 _aG 109.5
_bC418g 2018
082 0 0 _a910.285
100 1 _aCeruzzi, Paul E.,
_d1949-
_924682
245 1 0 _aGPS /
_cPaul E. Ceruzzi.
246 3 _aGlobal Positioning System
260 _aCambridge, Mass. :
_bMIT Press,
_cc2018.
300 _a218 pages ;
_c18 cm.
490 1 _aThe MIT Press essential knowledge series
504 _aIncludes bibliographical references and index.
520 _aGPS mapping is standard equipment in many new cars and geolocation services are embedded in smart phones. GPS makes Uber and Lyft possible; driverless cars won't be able to drive without it. In this volume in the MIT Press Essential Knowledge series, Paul Ceruzzi offers a concise history of GPS, explaining how a once-obscure space technology became an invisible piece of our infrastructure, as essential to modern life as electric power or clean water. GPS relays precise time and positioning information from orbiting satellites to receivers on the ground, at sea, and in the air. It operates worldwide, and its basic signals are free, although private companies can commodify the data provided. Ceruzzi recounts the origins of GPS and its predecessor technologies, including early aircraft navigation systems and satellites. He describes the invention of GPS as a space technology in the post-Apollo, pre-Space Shuttle years and its first military and commercial uses. Ceruzzi explains how the convergence of three major technological developments-the microprocessor, the Internet, and cellular telephony-enabled the development and application of GPS technology. Recognizing the importance of satellite positioning systems in a shifting geopolitical landscape--and perhaps doubting U.S. assurances of perpetual GPS availability--other countries are now building or have already developed their own systems, and Ceruzzi reports on these efforts in the European Union, Russia, India, China, and Japan
650 4 _aSistema de posicionamiento global
_xHistoria
_935342
650 4 _aSistema de posicionamiento global
_xUsos
_935343
830 0 _aThe MIT Press essential knowledge series
_98868
906 _a7
_bcbc
_corignew
_d1
_eecip
_f20
_gy-gencatlg
942 _2lcc
_cBK
999 _c121056
_d121056